| 000 | 00000nam 2200000za 4500 |
| 001 | 9.697807 |
| 003 | CaOODSP |
| 005 | 20220920134822 |
| 007 | cr ||||||||||| |
| 008 | 150407|1969||||xxc|||||o f|0| 0 eng d |
| 040 | |aCaOODSP|beng |
| 043 | |an-cn--- |
| 086 | 1 |aA53-1394/1969E-PDF |
| 110 | 1 |aCanada.|bAgriculture Canada.|bResearch Branch. |
| 245 | 10|aFertilizer schedule for greenhouse cucumbers in southwestern Ontario / |h[electronic resource]|c[by] G.M. Ward and J.R. Rainforth. |
| 260 | |aOttawa - Ontario : |bAgriculture Canada. |c1969. |
| 300 | |a6p.|bmap, table |
| 500 | |aHistorical publication digitized by Agriculture and Agri-Food Canada. |
| 590 | |a13-17-Supp|b2013-07-25 |
| 690 | 07|aFarming|2gcpds |
| 690 | 07|aFertilizers|2gcpds |
| 690 | 07|aGreenhouses|2gcpds |
| 690 | 07|aVegetable crops|2gcpds |
| 775 | 08|tFumure des concombres de serre |w(CaOODSP)9.641901 |
| 794 | |tFertilizer schedule for greenhouse tomatoes and cucumbers in southwestern Ontario / |w(CaOODSP)9.697805 |
| 856 | 40|ahttp://publications.gc.ca|qPDF|s450 KB|uhttps://publications.gc.ca/collections/collection_2013/aac-aafc/agrhist/A53-1394-1969-eng.pdf |
| 986 | |a1394 |